| 000 | 00653nam a22001337a 4500 | ||
|---|---|---|---|
| 040 | _cRUA | ||
| 082 | _aMs. ORN 2021 B1.278 Or. | ||
| 100 | _aORNG VITOU អ៊ង វិទូ | ||
| 245 | _aQUANTITY AND QUALITY OF VERGIN COCONUT OIL PRODUCED USING DIFFERENT VARIETIES AND METHODS បរិមាណ និងគុណភាពប្រេងដូងដែលផលិតដោយប្រើពូជ និងវិធីសាស្រ្តខុសៗគ្នា | ||
| 260 |
_aPHNOM PENH _bRUA _c2021 |
||
| 300 |
_aXI. 50P _bVII. _c29CM |
||
| 856 | _uhttps://drive.google.com/file/d/11JSfkzqIoc9-4OyOXHV91D-o8NKjU29l/view?usp=sharing | ||
| 942 | _cNRM | ||
| 999 |
_c23648 _d23648 |
||